Simposio de Relaciones Públicas y Protocolo en las Corporaciones Locales : junio de 1976 : Santiago de Compostela / Comisión Permanente junio de 1976 :
Publicado:
[sl, sn :
1976
Descripción Física:
204 f. : mecanografiats ; 33 cm
MARC
| LEADER | 00000nam a2200000Ia 4500 | ||
|---|---|---|---|
| 001 | 10539 | ||
| 008 | 160829s1976?] xx 000 0 cat d | ||
| 080 | |a FOL-1-32 | ||
| 100 | |a Simposio de Relaciones Públicas y Protocolo en las Corporaciones Locales (2n : 1976 : Santiago de Compostela) |9 32407 | ||
| 245 | |a Simposio de Relaciones Públicas y Protocolo en las Corporaciones Locales : |b junio de 1976 : |b Santiago de Compostela / Comisión Permanente | ||
| 260 | |a [sl, sn, |c 1976?] | ||
| 300 | |a 204 f. : |b mecanografiats ; |c 33 cm | ||
| 590 | |a Va acompanyat d'un programa i uns fulls solts | ||
| 650 | 0 | |a Administració local |9 34286 | |
| 650 | |a Relacions públiques |9 10579 | ||
| 650 | |a Protocol oficial |9 32409 | ||
| 901 | |a Arxiu | ||
| 942 | |n 1 | ||
| 952 | |0 0 |1 0 |4 0 |6 FOL132 |7 1 |9 45974 |a Arxiu |b Arxiu |d 2016-12-01 |l 0 |o FOL-1-32 |p 10539 |r 2016-12-01 00:00:00 |w 2016-12-01 |y ARXIU | ||
| 999 | |c 49475 |d 49475 | ||